[Event "4th Int. Chess Festival ad Gredine Open "]
[Site "Ortisei - St. Ulrich"]
[Date "2018.06.19"]
[Round "4"]
[White "Solomon, Kenny"]
[Black "Kveinys, Aloyzas"]
[Result "0-1"]
[WhiteElo "2419"]
[BlackElo "2519"]
[PlyCount "159"]
[EventDate "2018.06.16"]

1. e4 c5 2. Nf3 Nc6 3. Bb5 g6 4. Bxc6 bxc6 5. O-O Bg7 6. Re1 Nh6 7. c3 O-O 8.
d4 cxd4 9. cxd4 d6 10. h3 f6 11. d5 c5 12. Nc3 Nf7 13. Ne2 Rb8 14. Nf4 Ne5 15.
Nxe5 dxe5 16. Ne2 e6 17. Nc3 exd5 18. Nxd5 Be6 19. Be3 Bxd5 20. exd5 Qd6 21.
Rc1 Rfd8 22. Bxc5 Qxd5 23. Qxd5+ Rxd5 24. Bxa7 Rxb2 25. Rc8+ Bf8 26. Rec1 Rbd2
27. Be3 Rd1+ 28. Rxd1 Rxd1+ 29. Kh2 Kf7 30. Rc7+ Ke6 31. Rxh7 f5 32. g3 Bd6 33.
Rh4 f4 34. gxf4 exf4 35. Bxf4 Rd4 36. Bxd6 Rxh4 37. Bc5 Rc4 38. Be3 Ra4 39. Kg3
Kf5 40. Kf3 Rxa2 41. Bc5 Ra1 42. Bd4 Rh1 43. Kg2 Rd1 44. Be3 Ke4 45. Kg3 Rb1
46. Kg2 Kd3 47. Kf3 Rg1 48. Bf4 Rb1 49. Be3 Rb5 50. Kg3 Ke2 51. Kg2 Rf5 52. Kg3
Kf1 53. Kg4 Kg2 54. Ba7 Rb5 55. Be3 Rh5 56. h4 Rb5 57. Ba7 Rf5 58. Be3 Kf1 59.
Ba7 Ke2 60. Be3 Kd3 61. Ba7 Ke4 62. Be3 Kd5 63. Ba7 Ke6 64. Bd4 Rb5 65. Be3
Rb4+ 66. Kg3 Kf5 67. f3 Ke6 68. Bf4 Kd5 69. Be3 Kc4 70. Bd2 Ra4 71. Bg5 Kd3 72.
Kf2 Ra2+ 73. Kg3 Ke2 74. Kg4 Ra4+ 75. f4 Ra1 76. h5 Rg1+ 77. Kh3 Kf3 78. Kh2
Rg2+ 79. Kh1 gxh5 80. Be7 0-1

[Event "4th Int. Chess Festival ad Gredine Open "]
[Site "Ortisei - St. Ulrich"]
[Date "2018.06.19"]
[Round "4"]
[White "Pruijssers, Roeland"]
[Black "Hecht, Hans-Joachim"]
[Result "1-0"]
[WhiteElo "2514"]
[BlackElo "2327"]
[PlyCount "89"]
[EventDate "2018.06.16"]

1. e4 d6 2. d4 g6 3. Nc3 Bg7 4. Be3 a6 5. Qd2 Nd7 6. h4 Ngf6 7. f3 b5 8. g4 h6
9. a4 b4 10. Nd1 Rb8 11. Nf2 c5 12. dxc5 Nxc5 13. Ne2 Nfd7 14. Nd4 Qc7 15. Nd3
b3 16. c3 Nxd3+ 17. Bxd3 Nc5 18. h5 g5 19. Be2 e6 20. Ra3 Bd7 21. a5 Ke7 22.
Kf2 Rb7 23. Rd1 Be5 24. Kg1 Rd8 25. Qe1 Be8 26. Qf1 Rc8 27. Qf2 Bd7 28. Bf1
Rbb8 29. Raa1 Be8 30. Rd2 Rd8 31. Bg2 Bb5 32. Rad1 Rg8 33. Kh1 Qxa5 34. f4 gxf4
35. Bxf4 Qc7 36. Nxb5 Rxb5 37. Rxd6 f6 38. Bxe5 fxe5 39. R6d2 Rxg4 40. Rf1 Rf4
41. Qg3 Nd7 42. Qg7+ Ke8 43. Rfd1 Rh4+ 44. Bh3 Qc6 45. Qg8+ 1-0

[Event "4th Int. Chess Festival ad Gredine Open "]
[Site "Ortisei - St. Ulrich"]
[Date "2018.06.19"]
[Round "4"]
[White "Vocaturo, Daniele"]
[Black "Thiel, Thomas"]
[Result "1-0"]
[WhiteElo "2608"]
[BlackElo "2261"]
[PlyCount "71"]
[EventDate "2018.06.16"]

1. d4 d5 2. c4 c6 3. Nf3 Nf6 4. Qc2 dxc4 5. Qxc4 Bf5 6. g3 e6 7. Bg2 Be7 8. O-O
O-O 9. e3 Nbd7 10. Qe2 Qa5 11. Nc3 Ne4 12. Bd2 Bb4 13. Rfc1 Bxc3 14. bxc3 Bg4
15. h3 Bxf3 16. Bxf3 Nxd2 17. Qxd2 e5 18. Qb2 Rab8 19. Rab1 Rfe8 20. Qb3 Qc7
21. Qa3 a5 22. Qb3 g6 23. c4 exd4 24. exd4 c5 25. dxc5 Re5 26. Rd1 Rxc5 27. Rd4
b6 28. Rf4 Qe5 29. Qd3 Nf6 30. Rxb6 Rxb6 31. Qd8+ Kg7 32. Qxb6 Nd7 33. Qd8 Qc7
34. Qe7 Ne5 35. Qf6+ Kg8 36. Bd5 1-0

[Event "4th Int. Chess Festival ad Gredine Open "]
[Site "Ortisei - St. Ulrich"]
[Date "2018.06.19"]
[Round "4"]
[White "Jaracz, Pawel"]
[Black "Movileanu, Daniela"]
[Result "1-0"]
[WhiteElo "2467"]
[BlackElo "2199"]
[PlyCount "123"]
[EventDate "2018.06.16"]

1. d4 Nf6 2. c4 g6 3. g3 Bg7 4. Bg2 d5 5. cxd5 Nxd5 6. Nf3 O-O 7. O-O Nb6 8.
Nc3 Nc6 9. d5 Na5 10. e4 c6 11. Bf4 cxd5 12. Nxd5 Nxd5 13. exd5 Nc4 14. Rc1
Nxb2 15. Qd2 Bf5 16. Bc7 Qd7 17. Be5 Bxe5 18. Nxe5 Qb5 19. g4 Nd3 20. Qe2 Qa6
21. gxf5 Nxc1 22. Qxa6 bxa6 23. Rxc1 Rac8 24. Nc6 Rc7 25. Re1 Kg7 26. Nxe7 Rd8
27. fxg6 hxg6 28. Nc6 Rd6 29. Rb1 Rdd7 30. Bf3 Rb7 31. Rd1 Rd6 32. Rd3 Kf8 33.
Kg2 Rf6 34. Ra3 Rb6 35. Ra4 Ke8 36. Re4+ Kf8 37. Rd4 Rb7 38. Ra4 Rb6 39. h4 Ke8
40. Re4+ Kf8 41. Rd4 Rd6 42. Ra4 Ke8 43. Nxa7 Rf6 44. Nc6 Kf8 45. Ne5 Ke8 46.
Ng4 Rfd6 47. Ne3 Rd8 48. Nc4 Rf6 49. Ne5 Rb8 50. Kg3 Rb2 51. Nc6 Rb6 52. Re4+
Kf8 53. Ne5 Rb7 54. Rc4 Re7 55. Ng4 Rd6 56. Rc8+ Re8 57. Rc7 Kg7 58. Rc6 Red8
59. Kf4 Kf8 60. Ke5 Ke7 61. Nf6 a5 62. Ng8+ 1-0

[Event "4th Int. Chess Festival ad Gredine Open "]
[Site "Ortisei - St. Ulrich"]
[Date "2018.06.19"]
[Round "4"]
[White "Bertagnolli, Alexander"]
[Black "Landi, Alberto"]
[Result "1/2-1/2"]
[WhiteElo "2398"]
[BlackElo "2198"]
[PlyCount "160"]
[EventDate "2018.06.16"]

1. d4 d5 2. c4 e6 3. Nc3 c6 4. cxd5 exd5 5. Qc2 Bd6 6. Nf3 Ne7 7. Bg5 f6 8. Bh4
Bf5 9. Qd2 Nd7 10. Bg3 Nb6 11. e3 Qd7 12. Bxd6 Qxd6 13. b3 O-O 14. Bd3 Bxd3 15.
Qxd3 Qe6 16. a4 a5 17. Ne2 Nf5 18. Nf4 Qd7 19. Qc2 Nd6 20. Nd3 Ne4 21. O-O Qe7
22. Rab1 Rfe8 23. Rfc1 Nc8 24. Nd2 Ncd6 25. Nxe4 Nxe4 26. b4 axb4 27. Rxb4 Nd6
28. Rcb1 Rec8 29. Nc5 Rc7 30. Qb3 Ra7 31. Kf1 Nc4 32. Rxc4 dxc4 33. Qxc4+ Qf7
34. Qb4 Re7 35. Qb6 Ra8 36. a5 Rf8 37. Nxb7 f5 38. Qb3 f4 39. Qxf7+ Rfxf7 40.
Nd6 Rf6 41. Rb8+ Rf8 42. Rxf8+ Kxf8 43. Ke2 fxe3 44. fxe3 Ra7 45. Nc4 Ke7 46.
Kd3 Ke6 47. e4 Rb7 48. Kc3 Rb1 49. Nd2 Ra1 50. Nb3 Ra2 51. Nc5+ Kd6 52. e5+ Kc7
53. g3 Rxa5 54. Ne6+ Kd7 55. Nxg7 Ra2 56. h4 Ra8 57. Kd3 Rg8 58. Nh5 Ke7 59.
Kc4 Rg4 60. Kc5 h6 61. Nf6 Rxg3 62. Kxc6 Rc3+ 63. Kd5 Rh3 64. Ng8+ Ke8 65. Nxh6
Rxh4 66. Nf5 Rf4 67. Ke6 Rg4 68. Kf6 Rg8 69. e6 Rf8+ 70. Ke5 Rg8 71. d5 Rg1 72.
Kf6 Rf1 73. d6 Rf2 74. Kg6 Rg2+ 75. Kh7 Re2 76. e7 Kf7 77. Nh6+ Ke8 78. Ng8
Rh2+ 79. Kg7 Rg2+ 80. Kh7 Rh2+ 1/2-1/2

[Event "4th Int. Chess Festival ad Gredine Open "]
[Site "Ortisei - St. Ulrich"]
[Date "2018.06.19"]
[Round "4"]
[White "Borgo, Giulio"]
[Black "Johnsen, Gunnar"]
[Result "1-0"]
[WhiteElo "2397"]
[BlackElo "2188"]
[PlyCount "77"]
[EventDate "2018.06.16"]

1. e4 d6 2. d4 Nf6 3. Nc3 g6 4. Bg5 c6 5. Qd2 Nbd7 6. f3 Bg7 7. O-O-O Qa5 8.
Kb1 O-O 9. h4 b5 10. h5 b4 11. Nce2 Nb6 12. Nc1 Be6 13. g4 Rfc8 14. Nh3 c5 15.
hxg6 fxg6 16. Nf4 Bxa2+ 17. Nxa2 c4 18. Bxf6 c3 19. Qe2 b3 20. Nxc3 Rxc3 21.
cxb3 Rxb3 22. Qc2 Qa4 23. Rd3 Rxd3 24. Qxa4 Nxa4 25. Bxg7 Rd1+ 26. Kc2 Rxf1 27.
Rxf1 Kxg7 28. Ra1 Nb6 29. Ra6 Kf6 30. Kd3 e6 31. g5+ Kxg5 32. Nxe6+ Kh4 33. Ra1
Kg3 34. Ke2 Rc8 35. Rg1+ Kh2 36. Rb1 Rc2+ 37. Kd3 Rf2 38. Ke3 Rxb2 39. Rxb2+
1-0

[Event "4th Int. Chess Festival ad Gredine Open "]
[Site "Ortisei - St. Ulrich"]
[Date "2018.06.19"]
[Round "4"]
[White "Volkov, Dmitriy"]
[Black "Moroder, Stefan"]
[Result "1-0"]
[WhiteElo "2334"]
[BlackElo "2183"]
[PlyCount "81"]
[EventDate "2018.06.16"]

1. e4 c6 2. d4 d5 3. e5 Bf5 4. h4 h5 5. Bd3 Bxd3 6. Qxd3 e6 7. Bg5 Qa5+ 8. Nd2
Qa6 9. c4 Nd7 10. b3 Ne7 11. Ngf3 Nf5 12. O-O Bb4 13. Qc2 f6 14. exf6 gxf6 15.
Rfe1 Ne7 16. a3 Bxd2 17. Bxd2 Kf7 18. Bb4 Rae8 19. Qd2 Ng6 20. Rac1 Nb6 21. Qc2
Rhg8 22. Re3 Rg7 23. Bd6 Nc8 24. Bc5 b6 25. Bb4 dxc4 26. bxc4 Qb7 27. a4 Qc7
28. Rce1 c5 29. Bc3 Nf4 30. g3 cxd4 31. Bxd4 Nd6 32. Ng5+ Rxg5 33. hxg5 Nh3+
34. Kh2 Nxg5 35. f4 Nf5 36. fxg5 h4 37. Bxf6 hxg3+ 38. Kh3 Kg6 39. Kg2 Qc6+ 40.
Qe4 Qxa4 41. Rxg3 1-0

[Event "4th Int. Chess Festival ad Gredine Open "]
[Site "Ortisei - St. Ulrich"]
[Date "2018.06.19"]
[Round "4"]
[White "Seyb, Dieter"]
[Black "Sarkar, Justin"]
[Result "1/2-1/2"]
[WhiteElo "2179"]
[BlackElo "2297"]
[PlyCount "57"]
[EventDate "2018.06.16"]

1. e4 e5 2. Nf3 Nc6 3. d4 exd4 4. Nxd4 g6 5. Nc3 Bg7 6. Nxc6 bxc6 7. Bc4 Ne7 8.
O-O O-O 9. Be3 Bb7 10. Bd4 d6 11. Bxg7 Kxg7 12. Qd4+ f6 13. b4 a5 14. a3 Ba6
15. b5 cxb5 16. Bxb5 Bxb5 17. Nxb5 Qd7 18. c4 Nc6 19. Qc3 Rae8 20. f3 Re5 21.
Rad1 Rf7 22. Rd5 Ne7 23. Rxe5 dxe5 24. Qxa5 c6 25. Qc7 Nc8 26. Qxd7 Rxd7 27.
Nc3 Rd4 28. Rc1 Rxc4 29. Ne2 1/2-1/2

[Event "4th Int. Chess Festival ad Gredine Open "]
[Site "Ortisei - St. Ulrich"]
[Date "2018.06.19"]
[Round "4"]
[White "Vaishali, R."]
[Black "Panjkovic, Aleksandar"]
[Result "1-0"]
[WhiteElo "2310"]
[BlackElo "2126"]
[PlyCount "79"]
[EventDate "2018.06.16"]

1. e4 d6 2. d4 c6 3. Nc3 Qc7 4. a4 e5 5. Bc4 Nf6 6. Nge2 Be7 7. O-O O-O 8. d5
Nbd7 9. a5 b5 10. dxc6 bxc4 11. cxd7 Bxd7 12. Bg5 Bc6 13. Bxf6 Bxf6 14. Nd5
Bxd5 15. Qxd5 Rab8 16. Rfb1 Rfc8 17. Nc3 Qc5 18. Qd2 Bd8 19. Nd5 Rb5 20. b4 c3
21. Qe1 Qc6 22. Rb3 f5 23. Rxc3 Qd7 24. Rxc8 Qxc8 25. Qe2 Rb7 26. c4 Rf7 27.
Rc1 Bh4 28. f3 f4 29. c5 dxc5 30. Rxc5 Qb8 31. Qc4 Rf8 32. Nxf4+ Kh8 33. Ne6
Re8 34. Qb5 Be1 35. Qd7 Rg8 36. Ng5 h6 37. Nf7+ Kh7 38. Rc7 Bxb4 39. Qf5+ g6
40. Ng5+ 1-0

[Event "4th Int. Chess Festival ad Gredine Open "]
[Site "Ortisei - St. Ulrich"]
[Date "2018.06.19"]
[Round "4"]
[White "Dittmar, Peter"]
[Black "Uhl, Michael"]
[Result "0-1"]
[WhiteElo "2252"]
[BlackElo "2116"]
[PlyCount "160"]
[EventDate "2018.06.16"]

1. d4 d5 2. c4 e6 3. Nc3 Nf6 4. cxd5 exd5 5. Bg5 Be7 6. e3 O-O 7. Bd3 Nbd7 8.
Qc2 c6 9. Nf3 Re8 10. O-O Nf8 11. h3 Ne4 12. Bf4 f5 13. Ne5 Ng6 14. Nxg6 hxg6
15. f3 Nd6 16. Rad1 Bg5 17. Rfe1 Bxf4 18. exf4 Rxe1+ 19. Rxe1 Qh4 20. Qd2 Bd7
21. Kh2 Kf7 22. g3 Qf6 23. Re5 Kf8 24. Na4 b6 25. h4 Nf7 26. Qb4+ Kg8 27. Re2
Qd6 28. Qxd6 Nxd6 29. Re7 Rd8 30. Nc3 Kf8 31. Re5 Nf7 32. Re2 Re8 33. Kg2 Rxe2+
34. Bxe2 Ke7 35. Kf2 Kd6 36. Ke3 c5 37. Nb5+ Bxb5 38. Bxb5 Ke6 39. Bd3 Nd6 40.
b3 Kd7 41. Bf1 Kc6 42. Bd3 c4 43. Bc2 Kb5 44. a3 a5 45. Kd2 Kc6 46. b4 Kb5 47.
Kc3 axb4+ 48. axb4 Ka6 49. Kd2 Nb5 50. Ke3 Nc3 51. h5 gxh5 52. Bxf5 Na2 53. Bg6
Nxb4 54. Bxh5 Nc2+ 55. Kd2 Nxd4 56. Bf7 Kb5 57. Bxd5 Kc5 58. Be4 b5 59. g4 b4
60. f5 c3+ 61. Kd3 c2 62. Kd2 b3 63. g5 Ne2 64. Bxc2 bxc2 65. Kxc2 Nd4+ 66. Kd3
Nxf5 67. Ke4 Nh4 68. f4 Kd6 69. f5 Ng2 70. Kf3 Ne1+ 71. Ke4 Nc2 72. Kd3 Nb4+
73. Ke4 Nc6 74. Kf4 Nd8 75. Ke4 Nc6 76. Kf4 Nb8 77. Ke4 Nd7 78. Kd4 Nf8 79. Ke4
Nh7 80. Kf4 Kd5 0-1

[Event "4th Int. Chess Festival ad Gredine Open "]
[Site "Ortisei - St. Ulrich"]
[Date "2018.06.19"]
[Round "4"]
[White "Kornitzky, Tino"]
[Black "Jaracz, Barbara"]
[Result "1/2-1/2"]
[WhiteElo "2112"]
[BlackElo "2246"]
[PlyCount "39"]
[EventDate "2018.06.16"]

1. d4 d5 2. c4 c6 3. cxd5 cxd5 4. Bf4 Nc6 5. e3 Nf6 6. Nc3 Bf5 7. Qb3 Qd7 8.
Nf3 a6 9. Ne5 Nxe5 10. dxe5 Ne4 11. Qxd5 Nxc3 12. Qxd7+ Bxd7 13. bxc3 Rc8 14.
Kd2 Rd8 15. c4 e6 16. Kc3 Ba4 17. Bd3 Ba3 18. Bc2 Bc6 19. Rad1 Ke7 20. f3
1/2-1/2

[Event "4th Int. Chess Festival ad Gredine Open "]
[Site "Ortisei - St. Ulrich"]
[Date "2018.06.19"]
[Round "4"]
[White "Hoffmann, Sebastian"]
[Black "Wiesinger, Robert"]
[Result "1/2-1/2"]
[WhiteElo "2105"]
[BlackElo "2199"]
[PlyCount "45"]
[EventDate "2018.06.16"]

1. e4 e5 2. Nf3 Nc6 3. Nc3 Nf6 4. d4 exd4 5. Nxd4 Bb4 6. Nxc6 bxc6 7. Bd3 d5 8.
exd5 cxd5 9. O-O O-O 10. h3 c6 11. Qf3 Re8 12. Bf4 Bd6 13. Ne2 Bxf4 14. Nxf4
Qb6 15. Rab1 Ba6 16. Rfd1 Ne4 17. c4 Bxc4 18. Bxc4 dxc4 19. Rd7 Nf6 20. Rd6 Ne4
21. Rd7 Nf6 22. Rd6 Ne4 23. Rd7 1/2-1/2

[Event "4th Int. Chess Festival ad Gredine Open "]
[Site "Ortisei - St. Ulrich"]
[Date "2018.06.19"]
[Round "4"]
[White "Schnelzer, Reinhold"]
[Black "Chennaoui, Yasin"]
[Result "0-1"]
[WhiteElo "2182"]
[BlackElo "2002"]
[PlyCount "78"]
[EventDate "2018.06.16"]

1. d4 Nf6 2. c4 c5 3. Nf3 cxd4 4. Nxd4 Nc6 5. Nc3 e6 6. Ndb5 d6 7. Bf4 e5 8.
Bg5 a6 9. Bxf6 gxf6 10. Na3 f5 11. g3 Be6 12. Bg2 Rc8 13. O-O h5 14. Qd2 Bh6
15. e3 h4 16. f4 hxg3 17. hxg3 Bg7 18. Rad1 exf4 19. gxf4 Qh4 20. Rf3 Qh2+ 21.
Kf2 Bxc3 22. Qxc3 Rg8 23. Rg1 Ne7 24. Qd4 b5 25. b3 b4 26. Nb1 d5 27. Kf1 Rxg2
28. Rxg2 Qh1+ 29. Kf2 Qxb1 30. Rh3 Qxa2+ 31. Kf3 Qxb3 32. Rh8+ Kd7 33. Rxc8
Kxc8 34. Qc5+ Kd7 35. Qa7+ Kd8 36. Rh2 Ng6 37. c5 Qd1+ 38. Kg3 Qe1+ 39. Kf3
Nh4+ 0-1

[Event "4th Int. Chess Festival ad Gredine Open "]
[Site "Ortisei - St. Ulrich"]
[Date "2018.06.19"]
[Round "4"]
[White "Stelzer, Harald"]
[Black "Mazibuko, Khanya"]
[Result "1/2-1/2"]
[WhiteElo "2227"]
[BlackElo "1850"]
[PlyCount "67"]
[EventDate "2018.06.16"]

1. e4 e5 2. Nf3 Nc6 3. d4 exd4 4. c3 d5 5. exd5 Qxd5 6. cxd4 Bg4 7. Be2 Bb4+ 8.
Nc3 Bxf3 9. Bxf3 Qc4 10. Bxc6+ bxc6 11. Qe2+ Qxe2+ 12. Kxe2 O-O-O 13. Rd1 Ne7
14. Be3 Rhe8 15. Kf3 Ba5 16. Rac1 Bb6 17. Na4 Rd5 18. g3 Red8 19. Rc4 Kb7 20.
b4 Nf5 21. Nc5+ Bxc5 22. bxc5 Rb8 23. Rb4+ Kc8 24. Rxb8+ Kxb8 25. g4 Ne7 26. h4
h5 27. gxh5 Rxh5 28. Bg5 Nd5 29. Kg4 Rh8 30. Re1 Kc8 31. Rb1 Re8 32. Kf3 Rh8
33. Kg4 Re8 34. Kf3 1/2-1/2

[Event "4th Int. Chess Festival ad Gredine Open "]
[Site "Ortisei - St. Ulrich"]
[Date "2018.06.19"]
[Round "4"]
[White "Fehr, Axel"]
[Black "Ruecker, Benjamin"]
[Result "1/2-1/2"]
[WhiteElo "2008"]
[BlackElo "2281"]
[PlyCount "53"]
[EventDate "2018.06.16"]

1. e4 e5 2. Nf3 Nc6 3. Bb5 Nge7 4. O-O g6 5. c3 Bg7 6. d4 exd4 7. cxd4 a6 8.
Ba4 b5 9. Bb3 O-O 10. Bg5 h6 11. Bh4 d6 12. h3 Na5 13. Nc3 Nxb3 14. Qxb3 g5 15.
Bg3 Kh8 16. e5 Bb7 17. exd6 cxd6 18. d5 Rc8 19. a4 Bxc3 20. bxc3 Bxd5 21. Qb4
Nf5 22. Qg4 Be6 23. Nd4 Qf6 24. axb5 axb5 25. Qf3 Kg7 26. Nxf5+ Bxf5 27. Bxd6
1/2-1/2

[Event "4th Int. Chess Festival ad Gredine Open "]
[Site "Ortisei - St. Ulrich"]
[Date "2018.06.19"]
[Round "4"]
[White "Marentini, Marcel"]
[Black "Molina, Fabrizio"]
[Result "0-1"]
[WhiteElo "2005"]
[BlackElo "2212"]
[PlyCount "68"]
[EventDate "2018.06.16"]

1. c4 c6 2. Nf3 Nf6 3. g3 d5 4. Bg2 Bf5 5. cxd5 cxd5 6. Qb3 Qb6 7. Qxb6 axb6 8.
Nc3 Nc6 9. d3 e6 10. O-O h6 11. Bd2 Be7 12. Nb5 Kd7 13. a3 Rhc8 14. b4 Ne8 15.
Nfd4 Bh7 16. e4 Nxd4 17. Nxd4 Bf6 18. Be3 Rc3 19. exd5 exd5 20. Bh3+ Ke7 21.
Nb5 Rxd3 22. Rfe1 Kf8 23. Rac1 d4 24. Bf4 g5 25. Be5 Rd8 26. f4 Rb3 27. Bg4 Bd3
28. Bd1 Rb2 29. Ba4 Bxe5 30. fxe5 Be2 31. Rb1 Rxb1 32. Rxb1 Rd5 33. Na7 Rxe5
34. Kf2 Nd6 0-1

[Event "4th Int. Chess Festival ad Gredine Open "]
[Site "Ortisei - St. Ulrich"]
[Date "2018.06.19"]
[Round "4"]
[White "Bernardi, Ruben"]
[Black "Dev, Shah"]
[Result "1/2-1/2"]
[WhiteElo "2143"]
[BlackElo "1997"]
[PlyCount "70"]
[EventDate "2018.06.16"]

1. e4 e5 2. Nf3 Nc6 3. d4 exd4 4. Nxd4 Bc5 5. Nb3 Bb6 6. Nc3 Nf6 7. Qe2 d6 8.
Bg5 h6 9. Be3 Be6 10. O-O-O Qe7 11. f3 Ne5 12. Nd5 Nxd5 13. exd5 Bd7 14. Re1
Kf8 15. Qd2 Qf6 16. h3 Re8 17. Bxb6 axb6 18. f4 Ng6 19. g3 h5 20. Bd3 Rxe1+ 21.
Qxe1 Ne7 22. c4 g6 23. Qc3 Qxc3+ 24. bxc3 Nf5 25. Rg1 Kg7 26. Kd2 Re8 27. Bxf5
Bxf5 28. g4 hxg4 29. hxg4 Bd7 30. Kd3 f5 31. g5 Re4 32. Rf1 b5 33. Nd4 c6 34.
dxc6 bxc6 35. cxb5 cxb5 1/2-1/2

[Event "4th Int. Chess Festival ad Gredine Open "]
[Site "Ortisei - St. Ulrich"]
[Date "2018.06.19"]
[Round "4"]
[White "Lumachi, Gabriele"]
[Black "Bosbach, Gerhard"]
[Result "1-0"]
[WhiteElo "1989"]
[BlackElo "2161"]
[PlyCount "57"]
[EventDate "2018.06.16"]

1. e4 c5 2. Nf3 e6 3. d4 cxd4 4. Nxd4 Nc6 5. Nxc6 bxc6 6. Bd3 d5 7. O-O Nf6 8.
Nd2 Qb6 9. Qe2 Be7 10. b3 a5 11. Bb2 Ba6 12. c4 Rd8 13. Rad1 a4 14. e5 Nd7 15.
Qg4 g6 16. Qg3 Rb8 17. Bc3 d4 18. Ba1 c5 19. bxa4 Qc7 20. f4 Bb7 21. h4 h5 22.
Ne4 Bxe4 23. Bxe4 Kf8 24. Rb1 Rb4 25. a3 Rxa4 26. Rb7 Qc8 27. Rfb1 Kg7 28. f5
Qe8 29. fxg6 1-0

[Event "4th Int. Chess Festival ad Gredine Open "]
[Site "Ortisei - St. Ulrich"]
[Date "2018.06.19"]
[Round "4"]
[White "Gramb, Marius"]
[Black "Zucchelli, Massimo"]
[Result "0-1"]
[WhiteElo "2155"]
[BlackElo "2089"]
[PlyCount "62"]
[EventDate "2018.06.16"]

1. e4 e6 2. d4 d5 3. Nd2 c5 4. exd5 exd5 5. Ngf3 Nf6 6. c3 a6 7. Be2 Bd6 8.
dxc5 Bxc5 9. Nb3 Bb6 10. O-O O-O 11. Bg5 Re8 12. Qc2 h6 13. Bh4 Nc6 14. Rad1 g5
15. Bg3 Ne4 16. Nfd4 f5 17. f3 Nxg3 18. hxg3 Qf6 19. Kh2 Bd7 20. Bd3 Rf8 21.
Qf2 h5 22. Bb1 Rf7 23. Rfe1 Raf8 24. Qc2 f4 25. Qd2 fxg3+ 26. Kxg3 g4 27. Rh1
gxf3 28. Nxf3 Qd6+ 29. Kh4 Rf4+ 30. Kxh5 Be8+ 31. Bg6 Qxg6# 0-1

[Event "4th Int. Chess Festival ad Gredine Open "]
[Site "Ortisei - St. Ulrich"]
[Date "2018.06.20"]
[Round "5"]
[White "Santos Latasa, Jaime"]
[Black "Praggnanandhaa, R."]
[Result "1/2-1/2"]
[WhiteElo "2567"]
[BlackElo "2529"]
[PlyCount "107"]
[EventDate "2018.06.16"]

1. e4 e5 2. Nf3 Nc6 3. Bb5 a6 4. Ba4 Nf6 5. O-O b5 6. Bb3 Bb7 7. Re1 Bc5 8. c3
d6 9. d4 Bb6 10. Be3 O-O 11. d5 Ne7 12. Bxb6 cxb6 13. Nbd2 Nd7 14. Bc2 Rc8 15.
Nf1 Rc7 16. Ne3 Nc5 17. Qd2 Bc8 18. b4 Na4 19. c4 f5 20. exf5 Nxf5 21. Bxf5
Bxf5 22. Nxf5 Rxf5 23. cxb5 axb5 24. Rac1 Rf4 25. Rxc7 Qxc7 26. Ng5 Qc3 27. Qe2
h6 28. g3 Rf8 29. Ne6 Rf7 30. f4 Nb2 31. fxe5 Nd3 32. Rf1 Nxe5 33. Rxf7 Kxf7
34. Qf1+ Qf3 35. Nd4 Qxf1+ 36. Kxf1 Nd3 37. a3 Kf6 38. Ke2 Nb2 39. Nxb5 Ke5 40.
Nc7 g6 41. Kf3 Kd4 42. h4 Nd3 43. g4 Ne1+ 44. Kf4 Nd3+ 45. Kg3 Kc4 46. g5 hxg5
47. hxg5 Kd4 48. Na8 b5 49. Nc7 Kc4 50. Kf3 Ne5+ 51. Ke4 Nf7 52. Kf4 Ne5 53.
Ke4 Nf7 54. Kf4 1/2-1/2

[Event "4th Int. Chess Festival ad Gredine Open "]
[Site "Ortisei - St. Ulrich"]
[Date "2018.06.20"]
[Round "5"]
[White "Kveinys, Aloyzas"]
[Black "Saric, Ivan"]
[Result "1/2-1/2"]
[WhiteElo "2519"]
[BlackElo "2685"]
[PlyCount "49"]
[EventDate "2018.06.16"]

1. d4 Nf6 2. c4 g6 3. Nf3 Bg7 4. g3 d5 5. cxd5 Nxd5 6. Bg2 Nb6 7. Nc3 Nc6 8. e3
O-O 9. O-O Re8 10. d5 Na5 11. Nd4 Bd7 12. Rb1 Rc8 13. b4 c5 14. Ne6 fxe6 15.
bxa5 Bxc3 16. axb6 axb6 17. Qb3 Ba5 18. Qc4 b5 19. Qe4 c4 20. Rxb5 Bxb5 21.
Qxe6+ Kg7 22. Qe5+ Kg8 23. Qe6+ Kg7 24. Qe5+ Kg8 25. Qe6+ 1/2-1/2

[Event "4th Int. Chess Festival ad Gredine Open "]
[Site "Ortisei - St. Ulrich"]
[Date "2018.06.20"]
[Round "5"]
[White "Moroni, Luca Jr"]
[Black "Pruijssers, Roeland"]
[Result "1/2-1/2"]
[WhiteElo "2549"]
[BlackElo "2514"]
[PlyCount "75"]
[EventDate "2018.06.16"]

1. c4 Nf6 2. Nc3 e6 3. e4 d5 4. e5 d4 5. exf6 dxc3 6. bxc3 Qxf6 7. d4 b6 8. Be2
Bb7 9. Bf3 Bxf3 10. Nxf3 Bd6 11. Qa4+ c6 12. O-O O-O 13. Re1 Rc8 14. Ng5 Qf5
15. Ne4 Bc7 16. Bg5 a6 17. Be7 Nd7 18. Qb3 Qh5 19. h3 Re8 20. Bd6 Bxd6 21. Nxd6
Red8 22. Ne4 Qf5 23. a4 Rab8 24. a5 b5 25. Nd6 Qg6 26. c5 Nf6 27. Re3 Ne8 28.
Qb4 Qg5 29. Re5 Qe7 30. Nxe8 Rxe8 31. Rae1 Qc7 32. h4 Re7 33. f4 Rbe8 34. R5e4
g6 35. g3 h5 36. Kh2 Kg7 37. Qa3 Qd8 38. Qa2 1/2-1/2

[Event "4th Int. Chess Festival ad Gredine Open "]
[Site "Ortisei - St. Ulrich"]
[Date "2018.06.20"]
[Round "5"]
[White "Jaracz, Pawel"]
[Black "Vocaturo, Daniele"]
[Result "0-1"]
[WhiteElo "2467"]
[BlackElo "2608"]
[PlyCount "56"]
[EventDate "2018.06.16"]

1. e4 e5 2. Nf3 Nc6 3. Bb5 a6 4. Ba4 d6 5. Bxc6+ bxc6 6. d4 f6 7. Nc3 Ne7 8.
Be3 Ng6 9. Qd3 Be6 10. Rd1 Qd7 11. h3 Be7 12. d5 cxd5 13. Nxd5 O-O 14. g4 Bd8
15. c4 Rb8 16. b3 c6 17. Nc3 Ba5 18. Bd2 Rbd8 19. Ne2 Bxd2+ 20. Rxd2 d5 21.
cxd5 cxd5 22. Qxa6 Qf7 23. Qb6 Rd7 24. exd5 Bxd5 25. Qe3 Nf4 26. Nxf4 exf4 27.
Qxf4 Re8+ 28. Kf1 Bxf3 0-1

[Event "4th Int. Chess Festival ad Gredine Open "]
[Site "Ortisei - St. Ulrich"]
[Date "2018.06.20"]
[Round "5"]
[White "Borgo, Giulio"]
[Black "Tarlev, Konstantin"]
[Result "0-1"]
[WhiteElo "2397"]
[BlackElo "2552"]
[PlyCount "86"]
[EventDate "2018.06.16"]

1. e4 c5 2. Nf3 e6 3. c4 Nc6 4. d4 cxd4 5. Nxd4 Nf6 6. Nc3 Bb4 7. Nxc6 bxc6 8.
Bd3 e5 9. O-O O-O 10. Bg5 h6 11. Bh4 Bc5 12. Kh1 g5 13. Bg3 d6 14. Rb1 Rb8 15.
a3 a5 16. Qa4 Qb6 17. b4 axb4 18. axb4 Bxb4 19. c5 Qxc5 20. Na2 Qd4 21. f3 Qxd3
22. Nxb4 Qb5 23. Qxb5 cxb5 24. Rfd1 Ne8 25. Nc6 Rb7 26. Be1 f5 27. Nd8 Rc7 28.
Ba5 Rc2 29. exf5 Bxf5 30. Rxb5 g4 31. Nb7 Bd7 32. Rb3 gxf3 33. gxf3 Bc6 34.
Rg1+ Kh7 35. Rg3 Bd5 36. Rb1 Rxf3 37. Rxf3 Bxf3+ 38. Kg1 Rg2+ 39. Kf1 Rxh2 40.
Rb6 Bxb7 41. Rxb7+ Kg6 42. Re7 Ng7 43. Bb4 Nf5 0-1

[Event "4th Int. Chess Festival ad Gredine Open "]
[Site "Ortisei - St. Ulrich"]
[Date "2018.06.20"]
[Round "5"]
[White "Sonis, Francesco"]
[Black "Kindermann, Stefan"]
[Result "1-0"]
[WhiteElo "2448"]
[BlackElo "2506"]
[PlyCount "77"]
[EventDate "2018.06.16"]

1. e4 e6 2. d4 d5 3. Nd2 c5 4. Ngf3 cxd4 5. Nxd4 Nf6 6. exd5 a6 7. c4 exd5 8.
Be2 Bc5 9. N4b3 Ba7 10. O-O O-O 11. cxd5 Nxd5 12. Ne4 Nc6 13. Nec5 Qd6 14. Bf3
Rd8 15. Re1 Ne5 16. Bxd5 Qxd5 17. Bf4 Qxd1 18. Raxd1 Rxd1 19. Rxd1 Nc6 20. Re1
Bf5 21. Nxb7 Nb4 22. N7c5 Nxa2 23. Nxa6 f6 24. Nc7 Rd8 25. Na5 Nb4 26. Bg3 Rd2
27. Nc4 Rc2 28. Nb5 Nd3 29. Re8+ Kf7 30. Ncd6+ Kg6 31. h4 Rc1+ 32. Kh2 Bxf2 33.
Bxf2 Nxf2 34. Nd4 Bd7 35. Re7 Ng4+ 36. Kg3 Ne5 37. Ne2 Re1 38. Nf4+ Kh6 39.
Rxe5 1-0